000 00586nam a2200193Ia 4500
005 20250508155442.0
008 008 250505s9999 xx 000 0 eng d
037 _aTextual
040 _aFEDL
_beng
_cFEDL
041 _aeng
_2eng
084 _a371.26, UNI
_qFEDL
100 _aMcLaughlin Kenneth F
_9763933
245 0 _aInterpretation of test results
260 _aWashington, USA
_bU.S. Government Printing Office
_c1964
300 _avi,63p.
650 _aEducational - Test and Measurement
_9758070
942 _cTEXL
_h371.26, UNI
999 _c1357012
_d1357012